Aśvinīkumāra granthābaḷī. (Record no. 59400)

MARC details
000 -LEADER
fixed length control field 00532cam a22002171 4500
001 - CONTROL NUMBER
control field sa 64005912
003 - CONTROL NUMBER IDENTIFIER
control field DLC
005 - DATE AND TIME OF LATEST TRANSACTION
control field 20260227112036.0
008 - FIXED-LENGTH DATA ELEMENTS--GENERAL INFORMATION
fixed length control field 900122m19639999ii c 000 0 orio
010 ## - LIBRARY OF CONGRESS CONTROL NUMBER
LC control number sa 64005912
035 ## - SYSTEM CONTROL NUMBER
System control number (OCoLC)20941244
040 ## - CATALOGING SOURCE
Original cataloging agency DLC
Transcribing agency WaU
Modifying agency DLC
042 ## - AUTHENTICATION CODE
Authentication code premarc
050 00 - LIBRARY OF CONGRESS CALL NUMBER
Classification number PK2579.G45
Item number A6 1963
100 1# - MAIN ENTRY--PERSONAL NAME
Personal name Ghosh, Aswini Kumar,
Dates associated with a name 1892-1962.
245 00 - TITLE STATEMENT
Title Aśvinīkumāra granthābaḷī.
260 ## - PUBLICATION, DISTRIBUTION, ETC.
Date of publication, distribution, etc. 1963-
300 ## - PHYSICAL DESCRIPTION
Extent v.
Other physical details port.
Dimensions 25 cm.
500 ## - GENERAL NOTE
General note In Oriya.
500 ## - GENERAL NOTE
General note Plays.

No items available.

Powered by Koha